000 00307nam a2200121Ia 4500
008 191201s2000 xx 000 0 und d
100 _aD K Ultimate
245 0 _aUltimate Visual Dictionary 21th Century
260 _aN.Delhi
_bDolphin Press
_c2000
300 _a640
650 _aB.Tech(TE)
942 _2ddc
_cBK
999 _c3409
_d3409